000 05205cam a22017894i 4500
003 PE-LiUPU
005 20250813165814.0
008 150706s2009 pe a r 000 0 spa d
035 _a(Sirsi) a48874
040 _aPE-LiUPU
_bspa
_cPE-LiUPU
_dPE-LiUPU
_erda
049 _aPRUA
082 0 4 _a641.563
_bD
_221
110 2 _a[Diario Expreso S.A.].
245 1 0 _aDietas y cocina saludable :
_bdietas y deliciosas recetas dulces y saladas para disfrutar cada día del año /
_c[Diario Expreso S.A.].
264 1 _aLima :
_bExpreso,
_c2009.
300 _a160 páginas :
_bilustraciones ;
_c28 centímetros.
336 _atext
_2rdacontent
337 _aunmediated
_2rdamedia
338 _avolume
_2rdacarrier
490 0 _aVida Plena
500 _aEncuadernación de suplemento del diario Expreso.
505 0 _aMás alimentos por menos kilos -- Dieta efectiva para lucirse en vacaciones -- Dieta de alimentos combinables -- Dieta top del verano -- Dieta de alivio premenstrual -- Dieta para una silueta "IO" -- Dieta de la hamburguesa casera -- Dieta para ganar peso -- Dieta de yogur -- Diagrama semanal de mantenimiento -- Dieta anaranjada para broncearse -- Dieta del caldo -- Dieta exprés anti ansiedad -- Plan alimentario semanal -- Dieta de las opciones -- Dieta para olvidarse de adelgazar -- Dieta de zumos y batidos: opción I -- Dieta de jugos y batidos: opción 2 -- Dieta clásica de la sopa -- Dieta semilíquida de invierno -- La dieta de las ocho ensaladas -- Dieta rica en fibra -- Dieta a base de frutas -- Dieta combinada con frutas -- Dieta anticelulitis a base de fibras -- La anti dieta -- Dieta para adelgazar en invierno -- Dieta de puesta a punto -- Dieta del agua -- Dieta para una piel saludable -- Dieta anticelulítica de ataque -- Dieta taoísta para aumentar la energía -- Dieta china para equilibrar -- Régimen depurativo -- Dieta naturista vegetariana -- Dieta frutal ultra de intoxicaste -- Dieta de ensaladas purificantes -- Plan semanal de mantenimiento -- Plan para activar el metabolismo.
526 _aP203
526 _aP200
526 _aSEG65
526 _aSEG64
526 _aSEG63
526 _aSEG62
526 _aSEG61
526 _aSEG60
526 _aSEG59
526 _aSEG58
526 _aSEG57
526 _aSEG56
526 _aSEG55
526 _aSEG54
526 _aSEG53
526 _aSEG52
526 _aSEG51
526 _aSEG50
526 _aSEG49
526 _aSEG48
526 _aSEG47
526 _aSEG46
526 _aSEG24
526 _aSEG23
526 _aSEG22
526 _aSEG21
526 _aSEG20
526 _aSEG19
526 _aSEG18
526 _aSEG17
526 _aSEG16
526 _aSEG14
526 _aSEG13
526 _aSEG12
526 _aSEG11
526 _aSEG10
526 _aSEG09
526 _aSEG06
526 _aSEG05
526 _aSEG04
526 _aSEG03
526 _aSEG02
526 _aSEG68
526 _aSEG66
526 _aSEG45
526 _aSEG25
526 _aSEG01
526 _aP163
526 _aP162
526 _aP161
526 _aP160
526 _aP159
526 _aP158
526 _aP157
526 _aP156
526 _aP155
526 _aP154
526 _aP153
526 _aP152
526 _aP151
526 _aP150
526 _aP149
526 _aP142
526 _aP141
526 _aP140
526 _aP139
526 _aP138
526 _aP137
526 _aP132
526 _aP131
526 _aP130
526 _aP126
526 _aP125
526 _aP124
526 _aP123
526 _aP115
526 _aP122
526 _aP121
526 _aP116
526 _a P114
526 _aP112
526 _aP111
526 _aP104
526 _aP103
526 _aP102
526 _aP101
526 _aP100
526 _aP96
526 _aP95
526 _aP93
526 _aP92
526 _aP91
526 _aP88
526 _aP83
526 _aP82
526 _aP79
526 _aP78
526 _aP75
526 _aP74
526 _aP71
526 _aP69
526 _a P51
526 _aP49
526 _aP48
526 _aP47
526 _aP33
526 _aP31
526 _a P30
526 _aP29
526 _aP27
526 _aP26
526 _aP25
526 _aP24
526 _a P22
526 _aP10
526 _aP09
526 _a P08
526 _aP06
526 _aP05
526 _aP04
526 _aP01
650 0 4 _aCocina
_vManuales, etc.
910 _bjv
_clch
_d20100913
942 _2ddc
_cBOOK
949 _a641.563 D
_wDEWEY
_c1
_i62077
_lCCODEBUL1
_mBUL
_p09.00
_r0
_sY
_tLIBRO
_u2015-07-06
_xBIBLIOTECA
_zUNKNOWN
_o.STAFF. Colección Ciencias de la Salud
994 _aC0
_bPEPRU
596 _a1
999 _a641.563 D
_wDEWEY
_c51159
_i62077
_d51159
_e2022-6-23
_f2021-11-4
_g5
_kCHECKEDOUT
_lCCODEBUL1
_mBUL
_n4
_p9.00
_q1
_rM
_sY
_tBOOK
_u2015-7-6
_xSALUD
_zUNKNOWN
_0COMPRA
_o.STAFF. Colección Ciencias de la Salud
980 _81
_gALBERTO SANCHEZ Responsable de Automatización